000 00638nam a22002057a 4500
005 20251108164027.0
008 250721s1996 xx 000 0 ara d
082 1 4 _a210.461/عبد
100 1 _aعبد الأخر، أبو الوفا
245 1 0 _aتقليم الأظفار :
_bفي ضوء السنة النبوية و العلوم الطبية /
264 1 _aالقاهرة :
_bمكتبة الآداب،
_c1996.
300 _a48ص.
490 0 _aسلسلة الصيدلة؛1
650 1 7 _aالطب
650 1 7 _aالإسلام
650 1 7 _aالأظافر
700 1 _aناصر، يحيى
942 _2ddc
_cBK
999 _c1779
_d1779